| 000 | 00428nam a22001817a 4500 | ||
|---|---|---|---|
| 003 | MPLRDC | ||
| 005 | 20220104113632.0 | ||
| 008 | 210129b ||||| |||| 00| 0 eng d | ||
| 020 | _a962-447-018-9 | ||
| 082 | _a857.621 NK-9 v.3 | ||
| 100 | _a倪匡 | ||
| 245 |
_a困兽 _c |
||
| 260 |
_a _b勤加缘出版社 _c |
||
| 300 | _b平 | ||
| 490 | _a倪匡科幻系列. 3 | ||
| 650 | _a科幻小说 | ||
| 942 |
_cBK _o857.621 NK-9 v.3 |
||
| 999 |
_c1169 _d1159 |
||